000 00587nam a2200229Ia 4500
003 OSt
005 20220924120027.0
006 a|||||r|||| 00| 0
007 ta
008 220923b |||||||| |||| 00| 0 urd d
024 _a313641
037 _cTextual
040 _aARTS
_cARTS
_burd
041 _2urd
_aurd
082 _aO168,1MHA5x, J1
100 _aHajir
_9180522
245 0 _aShaan-e-Mehfil
260 _aDelhi
_bKaviraj Raghu India
_c1951
650 _aURDU POETRY
942 _hO168,1MHA5x, J1
_cTEXL
_2CC
999 _c400978
_d400978